Piłkarska kariera Jay-Jay Okochy - Statystyki

Ogólne statystyki
  • Ten quiz został rozwiązany 26 razy
  • Średni wynik to 2 z 9
Statystyki odpowiedzi
Lata Drużyna % Poprawnych
1998-2002 PSG
75%
2002-2006 Bolton
50%
1992-1996 Eintracht Frankfurt
25%
1996-1998 Fenerbahce
13%
1990-1992 Borussia Neunkirchen
8%
2007-2008 Hull
8%
2006-2007 Qatar SC
8%
2012-2012 Durgapur
0%
?-1990 Enugu Rangers
0%
Nie znaleziono quizów pasujących do podanych kryteriów
Rozkład punktacji
Procent ludzi z każdym wynikiem
Percentyl według liczby udzielonych odpowiedzi
Twoja historia wyników
Nie rozwiązałeś tego quizu